Normal view
MARC view
- Children's Fiction
Entry Topical Term
001 - CONTROL NUMBER
- control field: 111327
003 - CONTROL NUMBER IDENTIFIER
- control field: NUST
005 - DATE AND TIME OF LATEST TRANSACTION
- control field: 20230324101711.0
008 - FIXED-LENGTH DATA ELEMENTS
- fixed length control field: 230324|| aca||aabn | a|a d
040 ## - CATALOGING SOURCE
- Original cataloging agency: NUST
- Transcribing agency: NUST
150 ## - HEADING--TOPICAL TERM
- Topical term or geographic name entry element: Children's Fiction
670 ## - SOURCE DATA FOUND
- Source citation: Work cat.: (NUST): Nelson, Laura 111325, Usborne 10 Ten-Minute Stories, 2020.
